000 00340nam a2200133Ia 4500
008 240624s9999 xx 000 0 und d
041 _aeng
082 _a650.1 BAI
100 _aBAILEY CHRIS
245 _aPRODUCTIVITY PROJECT PROVEN WAYS TO BECO
260 _c2016
_aNew Delhi
_bPiatkus
300 _a292 : p. : cm. ; 21
365 _cRS
_b30
999 _c27699
_d27699